STN 72 1001: 2010, Klasifikácia zemín a skalných hornín

Bibliographic Details
Main Author: Frankovská, Jana, 1963- (Author)
Corporate Author: Štátny geologický ústav Dionýza Štúra (Bratislava, Slovensko) (Author)
Format: Book
Language:Slovak
PhysicalDescription:20 s. obr., tab. 30 cm
Published: Bratislava Slovenský ústav technickej normalizácie 2010
Subjects:

MARC

LEADER 00000cam a2200000 a 4500
001 vtls010086194
003 SK-MaSNL
005 20260301212835.0
008 160624s2010 xo a f u 000 0 slo
015 |a SNBN2010/03-02116 
020 |c (cen. skup. 12) 
040 |a SNK  |b slo  |c SNK  |e AACR2 
041 0 |a slo 
044 |a xo  |c SK 
046 |a s  |m 201004 (účin.) 
072 7 |a 550  |x Geofyzika. Geochémia. Geobiológia. Užitá geológia  |2 konspekt 
072 7 |a 624  |x Stavebné inžinierstvo  |2 konspekt 
080 |a 624.13  |2 2001 
080 |a 006.7/.8  |2 2001 
080 |a (437.6)  |2 2001 
080 |a (4)  |2 2001 
080 |a 550.85  |2 2001 
080 |a 550.8  |2 2001 
084 |a 73.020  |2 ICS 
084 |a 93.020  |2 ICS 
245 0 0 |a STN 72 1001: 2010, Klasifikácia zemín a skalných hornín 
246 1 0 |a Klasifikácia zemín a skalných hornín 
260 |a Bratislava  |b Slovenský ústav technickej normalizácie  |c 2010 
300 |a 20 s.  |b obr., tab.  |c 30 cm 
500 |a Súbežný názov v angličtine, francúzštine, nemčine 
500 |a Táto norma nahrádza STN 72 1001 z júna 1989 v celom rozsahu a časť III STN 73 1001 z júna 2006 
500 |a Dátum účinnosti opravy normy: august 2011 
500 |a Spracovateľ: Štátny geologický ústav Dionýza Štúra Bratislava, Jana Frankovská 
504 |a Citované normy, súvisiace právne predpisy s. 2 
540 |a STN vydané na akomkoľvek nosiči sa môžu rozmnožovať a rozširovať iba so súhlasom určenej právnickej osoby  |b SÚTN Bratislava  |c zákon 264/1999 Z.z. 
650 0 7 |a geotechnika  |2 SNKPH  |9 15397 
650 0 7 |a geologický výskum  |2 SVKBBPH  |9 28923 
650 0 7 |a technické normy a štandardy  |z Slovensko  |2 SNKPH  |9 79594 
650 0 7 |a Geotechnics  |2 SNKPHeng  |9 311822 
655 7 |a normy  |2 SVKBBPH  |9 70643 
700 1 |a Frankovská, Jana,  |d 1963-  |4 aut  |9 215635 
710 2 |a Štátny geologický ústav Dionýza Štúra (Bratislava, Slovensko)  |4 aut  |9 33594 
710 2 |a Slovenský ústav technickej normalizácie (Bratislava, Slovensko).  |b Technická komisia č. 14 Geotechnika  |4 stn  |9 334125 
852 |a Štátna vedecká knižnica v Banskej Bystrici 
958 |a OP 
958 |a NB 
999 |c 919398  |d 921328 
952 |a SNK  |b SNK  |y PREZ  |7 0  |p 17A0658476  |o snkSTN 72 1001  |i snk2010/9676  |8 0  |0 0  |1 0  |4 0  |d 2010-05-06  |l 0  |r 2026-02-24 08:11:12  |w 2026-02-24 
952 |a SNK  |b SNK  |y PREZ  |7 0  |p 17A0658477  |o snkSTN 72 1001 D1  |i snk2010/9677  |8 0  |0 0  |1 0  |4 0  |d 2010-05-06  |l 0  |r 2026-02-24 08:11:12  |w 2026-02-24 
952 |a SNK  |b SNK  |y PREZ  |7 0  |p 17A1132400  |o snkSTN 72 1001/O1  |i snk2014/26608  |8 0  |z Oprava 1/august 2011  |0 0  |1 0  |4 0  |d 2014-12-02  |l 0  |r 2026-02-24 08:11:12  |w 2026-02-24 
952 |a SNK  |b SNK  |y PREZ  |7 0  |p 17A1132402  |o snkSTN 72 1001/O1 D1  |i snk2014/26610  |8 0  |z Oprava 1/august 2011  |0 0  |1 0  |4 0  |d 2014-12-02  |l 0  |r 2026-02-24 08:11:12  |w 2026-02-24